[Event "Bogota Superate Intercol Adv (Women)"]
[Site "Bogota"]
[Date "2014.10.24"]
[Round "4.8"]
[White "Alvarez, Gabriela"]
[Black "Rivera Quintero, Maria Isabel"]
[Result "0-1"]
[WhiteElo "1605"]
[BlackElo "1479"]
[PlyCount "92"]
[EventDate "2014.10.24"]
[EventType "swiss (blitz)"]
[EventRounds "8"]
[EventCountry "COL"]
[SourceTitle "EXT 2024"]
[Source "ChessBase"]
[SourceDate "2023.10.10"]
[SourceVersion "1"]
[SourceVersionDate "2023.10.10"]
[SourceQuality "1"]

1. e4 c5 2. Nf3 d6 3. d3 Nf6 4. Be2 g6 5. Nc3 Bg7 6. Bd2 0-0 7. 0-0 Nc6 8. h3 Bd7 9. a3 a6 10. Rb1 b5 11. b4 cxb4 12. axb4 e6 13. Qc1 d5 14. e5 Nh5 15. d4 Qb6 16. Be3 f6 17. exf6 Nxf6 18. Na2 Ne4 19. c3 Rf7 20. Bd3 Raf8 21. Bh6 Nd6 22. Bxg7 Kxg7 23. Ng5 Rf6 24. Qe1 h6 25. Nf3 Nc4 26. Bxc4 dxc4 27. Nc1 Ne7 28. Ne2 Bc6 29. Ne5 Rf5 30. Nxc6 Qxc6 31. Ng3 R5f6 32. Qe4 h5 33. Qxc6 Nxc6 34. Ne4 R6f7 35. Rbe1 Re7 36. Nc5 Ra8 37. Nxe6+ Kh7 38. Ng5+ Kg8 39. Rxe7 Nxe7 40. Re1 Nf5 41. Re6 Kg7 42. Rc6 Kh6 43. Nf7+ Kg7 44. Ne5 Kg8 45. Rf6 Kh8 46. Rxg6 Kh7 0-1

[Event "Bogota Superate Intercol Adv (Women)"]
[Site "Bogota"]
[Date "2014.10.24"]
[Round "7.10"]
[White "Hermida, Paula Camila"]
[Black "Alvarez, Gabriela"]
[Result "0-1"]
[WhiteElo "1482"]
[BlackElo "1605"]
[PlyCount "70"]
[EventDate "2014.10.24"]
[EventType "swiss (blitz)"]
[EventRounds "8"]
[EventCountry "COL"]
[SourceTitle "EXT 2024"]
[Source "ChessBase"]
[SourceDate "2023.10.10"]
[SourceVersion "1"]
[SourceVersionDate "2023.10.10"]
[SourceQuality "1"]

1. e4 e5 2. Nf3 d6 3. Nc3 Nf6 4. g3 Be7 5. Bg2 Bd7 6. 0-0 Nc6 7. a3 a6 8. b4 b5 9. d3 0-0 10. Nd5 h6 11. Nxe7+ Qxe7 12. c3 a5 13. d4 exd4 14. cxd4 axb4 15. d5 Nd8 16. Rb1 bxa3 17. Ra1 Nxe4 18. Qe2 Re8 19. Rxa3 Rxa3 20. Bxa3 Nf6 21. Qd3 Bg4 22. h3 Bd7 23. Bb2 Nb7 24. Qd2 Qe2 25. Qc3 Qe7 26. h4 Qd8 27. Qd2 Nc5 28. Bc3 Nce4 29. Qd4 Nxc3 30. Qxc3 Nxd5 31. Qd4 Nf6 32. Qf4 Bc6 33. Kh2 Bxf3 34. Bxf3 Re7 35. g4 Qe8 0-1

[Event "Bogota Superate Intercol Adv (Women)"]
[Site "Bogota"]
[Date "2014.10.23"]
[Round "4.5"]
[White "Valencia Lopez, Daily Vanessa"]
[Black "Alvarez, Gabriela"]
[Result "0-1"]
[WhiteElo "1582"]
[BlackElo "1605"]
[PlyCount "130"]
[EventDate "2014.10.23"]
[EventType "swiss (rapid)"]
[EventRounds "6"]
[EventCountry "COL"]
[SourceTitle "EXT 2024"]
[Source "ChessBase"]
[SourceDate "2023.10.10"]
[SourceVersion "1"]
[SourceVersionDate "2023.10.10"]
[SourceQuality "1"]

1. e4 e5 2. Nf3 d6 3. d4 Nd7 4. Bc4 Be7 5. 0-0 h6 6. c3 exd4 7. cxd4 c6 8. Nc3 b5 9. Bb3 Bb7 10. Re1 d5 11. exd5 cxd5 12. Bxd5 Rb8 13. Bxb7 Rxb7 14. Nd5 Nb6 15. Nxe7 Nxe7 16. Bf4 0-0 17. Rc1 Rd7 18. Qb3 a6 19. Be3 Nf5 20. Ne5 Rd6 21. Nc6 Qa8 22. Bf4 Rxc6 23. Rxc6 Qxc6 24. Rc1 Re8 25. h3 Qe4 26. Be5 Nh4 27. f3 Qg6 28. Rc2 Nc4 29. f4 Nxe5 30. fxe5 Kh7 31. Kh2 Rc8 32. Rd2 Qf5 33. Qe3 Qg5 34. Qxg5 hxg5 35. d5 Rd8 36. d6 Ng6 37. Rd5 Kg8 38. d7 Kf8 39. e6 fxe6 40. Rxg5 Kf7 41. Rc5 Rxd7 42. Rc6 Rd2 43. Rxa6 Rxb2 44. Ra5 e5 45. Kg3 Kf6 46. Kf3 Kf5 47. g4+ Ke6 48. Ra6+ Kf7 49. Ra7+ Ne7 50. Ke4 Re2+ 51. Kd3 Rh2 52. Ke4 Re2+ 53. Kf3 Rb2 54. Ke4 Rh2 55. Kxe5 Rxh3 56. Kd6 Re3 57. Kc5 Re4 58. Kd6 Kf6 59. g5+ Kf7 60. Kc5 Kg6 61. Kxb5 Kxg5 62. a4 Re5+ 63. Kb6 Nc8+ 64. Kb7 Nxa7 65. Kxa7 Ra5+ 0-1

[Event "Bogota Superate Intercol (Women)"]
[Site "Bogota"]
[Date "2014.10.22"]
[Round "4.7"]
[White "Rivera Quintero, Maria Isabel"]
[Black "Alvarez, Gabriela"]
[Result "1-0"]
[WhiteElo "1479"]
[BlackElo "1605"]
[PlyCount "31"]
[EventDate "2014.10.21"]
[EventType "swiss"]
[EventRounds "5"]
[EventCountry "COL"]
[SourceTitle "EXT 2024"]
[Source "ChessBase"]
[SourceDate "2023.10.10"]
[SourceVersion "1"]
[SourceVersionDate "2023.10.10"]
[SourceQuality "1"]

1. e4 e5 2. Nf3 d6 3. Nc3 Nf6 4. Bc4 h6 5. d3 Bd7 6. h3 a6 7. 0-0 c5 8. a3 Nc6 9. Nd5 Be7 10. Nxe7 Qxe7 11. c3 0-0 12. Be3 Be6 13. Ba2 Bxa2 14. Rxa2 Nd4 15. cxd4 cxd4 16. Bd2 1-0

[Event "Bogota Superate Intercol (Women)"]
[Site "Bogota"]
[Date "2014.10.21"]
[Round "2.4"]
[White "Alvarez, Gabriela"]
[Black "Rosado Perez, Maria Jose"]
[Result "0-1"]
[WhiteElo "1605"]
[BlackElo "1677"]
[PlyCount "108"]
[EventDate "2014.10.21"]
[EventType "swiss"]
[EventRounds "5"]
[EventCountry "COL"]
[SourceTitle "EXT 2024"]
[Source "ChessBase"]
[SourceDate "2023.10.10"]
[SourceVersion "1"]
[SourceVersionDate "2023.10.10"]
[SourceQuality "1"]

1. e4 c5 2. Nf3 e6 3. d4 cxd4 4. Nxd4 a6 5. Nc3 Qc7 6. Bd2 Nf6 7. f3 Be7 8. Be2 0-0 9. a3 Nc6 10. Nxc6 bxc6 11. f4 d5 12. e5 Nd7 13. 0-0 Qb6+ 14. Kh1 Qxb2 15. Qb1 Bxa3 16. Qxb2 Bxb2 17. Rab1 Bxc3 18. Bxc3 a5 19. Ra1 a4 20. Ra3 Ba6 21. Bxa6 Rxa6 22. g4 c5 23. Rd1 Nb6 24. Bd2 Nc4 25. Ra2 Rb8 26. Be1 Ne3 27. Rda1 h6 28. Bf2 Nxg4 29. Bxc5 Rc8 30. Bd4 Rc4 31. c3 h5 32. h3 Nh6 33. Kg2 Nf5 34. Rd1 Nxd4 35. Rxd4 Rxc3 36. Rdxa4 Rxa4 37. Rxa4 Rc4 38. Rxc4 dxc4 39. Kf2 Kh7 40. Ke3 Kg6 41. Kd4 Kf5 42. Kxc4 Kxf4 43. Kd4 g5 44. Kd3 Kxe5 45. Ke3 g4 46. hxg4 hxg4 47. Kf2 Kf4 48. Kg2 g3 49. Kf1 Kf3 50. Kg1 g2 51. Kh2 Kf2 52. Kh3 g1Q 53. Kh4 f6 54. Kh5 Qg5# 0-1